000 00779nam a2200193Ia 4500
008 151121s9999||||xx |||||||||||||| ||und||
082 _a781/ भातखं
082 _bHNW-68874
100 _aभातखंडे विष्णू नारायण
245 _aहिदूस्थानी संगीत पध्दती-1
260 _bपॉप्युलर प्रकाशन
260 _c--
300 _a326
600 _aभातखंडे विष्णू नारायण
630 _aहिदूस्थानी संगीत पध्दती-1
700 _aभातखंडे विष्णू नारायण
730 _aहिदूस्थानी संगीत पध्दती-1
942 _cBOOK
999 _c1250368
_d1250365